000 00232nam a2200097Ia 4500
005 20250424120219.0
008 250424s9999 xx 000 0 und d
050 _aAflacom digest
260 _aAfrica Multilingual Services
650 _aSR
999 _c38035
_d38035